| 000 | 00597na a2200217 4500 | ||
|---|---|---|---|
| 001 | 19201 | ||
| 003 | MIRAKIL | ||
| 005 | 20181213155042.0 | ||
| 008 | 170110b tu 000 0 | ||
| 040 |
_aMilas _btur _cTR-AnCHP |
||
| 041 | _atur | ||
| 082 |
_a320.09561 _bM83 1969 |
||
| 090 | _a320.09561 M83 1969 | ||
| 245 | _aMuhtelif konuşmaları | ||
| 260 |
_aAnkara _bAdalet Partisi Genel Merkezi _c1969 |
||
| 300 |
_a134 s. _c23 sm. |
||
| 440 |
_aAdalet Partisi Genel Merkez neşriyatı _v34 |
||
| 600 |
_aDemirel, Süleyman _xKonuşmalar |
||
| 650 | _aSiyasal bilimler | ||
| 942 |
_2ddc _cBKS |
||
| 999 |
_c5636 _d5636 |
||